| 000 | 00914nas a2200277 454500 | ||
|---|---|---|---|
| 001 | 43436 | ||
| 005 | 20260407193511.0 | ||
| 008 | 260407s1987####ag###########|||spa#d | ||
| 003 | AR-UNSa-BCEJYS | ||
| 040 |
_aAR-UNSa-BCEJYS _bspa _cAR-UNSa-BCEJYS |
||
| 080 |
_a330 _xEconomía en general |
||
| 245 | 1 | 0 | _aThe journal of economic perspectives |
| 022 | _a0895-3309 | ||
| 264 | 1 |
_aNashville : _bAmerican Economic Association _c1987 |
|
| 310 | _aCambia de Director a partir del Vol. 35, Nº 3 por Heidi Williams | ||
| 505 | _aPeriodicidad: Trimestral | ||
| 041 | _aspa | ||
| 942 | _cSER | ||
| 590 | _aniveau_biblio:s niveau_hierar:1 | ||
| 100 | 1 | _aAmerican Economic Association | |
| 700 | 1 | _aShapiro, Carl | |
| 650 | _aInvestigación económica | ||
| 650 | _aECONOMIA | ||
| 650 | _aPENSAMIENTO ECONOMICO | ||
| 856 | 4 | 1 |
_uhttps://biblioeco.unsa.edu.ar/pmb/images/revistas/R21248.jpg _yImagen de portada _qimage/jpeg |
| 999 |
_c8900 _d8900 |
||